| 000 | 00617nam a2200253 a 4500 | ||
|---|---|---|---|
| 001 | adlib96000001 | ||
| 003 | ViArRB | ||
| 005 | 200902210153555.7 | ||
| 008 | 960221s1955 dcuabcdjdbkoqu001 0deng d | ||
| 020 | _a | ||
| 022 | _a | ||
| 040 | _aAdlib | ||
| 082 | _a | ||
| 245 | _aKalayalavu Oru Varsam | ||
| 250 | _a | ||
| 260 |
_aKottayam _bS P C S _c1970 |
||
| 300 |
_a262p _c |
||
| 500 | _a | ||
| 100 |
_aBalakrssnsn, K _e |
||
| 700 |
_a _a |
||
| 942 | _cBK | ||
| 653 | _aKalayalavu Oru Varsam | ||
| 952 |
_w2010-06-19 _pH0002702 _r2010-06-19 _40 _00 _bUL _10 _oFM BALK/K _d2010-06-19 _70 _yBK _aUL |
||
| 999 |
_c63080 _d63079 |
||